Využitie matematiky v procese optimalizácie nákladov vyplývajúcich z pracovno-právnych vzťahov účtovnej jednotky bakalárska práca

Salvato in:
Dettagli Bibliografici
Autore principale: Gaálová, Krisztina
Ente Autore: Fakulta hospodárskej informatiky EU. Katedra účtovníctva a audítorstva
Altri autori: Šumanová, Radka, 1991-
Natura: Libro
Lingua:slovacco
Pubblicazione: Bratislava 2017
Tags: Aggiungi Tag
Nessun Tag, puoi essere il primo ad aggiungerne!!

MARC

LEADER 00000nbm a2200000 4500
001 0235514
005 20180412134143.9
041 0 |a slo 
044 |a SK 
245 1 0 |a Využitie matematiky v procese optimalizácie nákladov vyplývajúcich z pracovno-právnych vzťahov účtovnej jednotky  |b bakalárska práca  |c Krisztina Gaálová ; školiteľ: Radka Šumanová 
264 1 |a Bratislava  |c 2017 
300 |a 58 s. 
100 1 |a Gaálová, Krisztina 
700 1 |a Šumanová, Radka, 1991- 
710 2 |a Fakulta hospodárskej informatiky EU. Katedra účtovníctva a audítorstva